000 00523nam a2200205 a 4500
001 BRCA_6318
005 20190320205418.0
008 080811s1908----gw-#######---#000-0#ger-#
041 _aeng
044 _ager
050 4 _aQA55
_b.V44 1908
245 1 0 _aLogarithmisch-trigonometrisches Handbuch
_cbearbeitet C. Bremiker.
250 _a8
260 _aBerlĂ­n
_bWeidmannsche Buchhandlung
_c1908
300 _axxviii, 575 p.
_c23 cm.
500 _aK179
650 1 4 _aLogaritmos
_915852
902 _aGFM
942 _2lcc
_cB
999 _c6004
_d6004